000 00543nam a22001817a 4500
003 LK-CoDNM
005 20241018123100.0
008 241018b |||||||| |||| 00| 0 eng d
040 _aLK-CoDNM
_dLK-CoDNM
_eLK-CoDNM
041 _asin
080 _aප්‍ර.ධ
_b17.C
245 _aධම් ගවෙෂ 1925 - 2කාණ්ඩය - 1- 3කලාප
260 _c1925
300 _a12p. : 21 cm
650 _aප්‍ර.ධ17.C
650 _aධම් ගවෙෂ 1925 - 2කාණ්ඩය - 1- 3කලාප
942 _cBK
999 _c220161
_d220161